| 000 | 00391nam a22001217a 4500 | ||
|---|---|---|---|
| 999 |
_c532343 _d532343 |
||
| 008 | 260127b ||||| |||| 00| 0 eng d | ||
| 100 |
_aDharmapalan, Biju _958611 |
||
| 245 | _aNavigating the future workforce: New age employability skills for a sustainable career | ||
| 260 | _aUniversity News | ||
| 300 | _a63(51), Dec 22-28, 2025: p.105-107 | ||
| 773 | _aUniversity News | ||
| 942 | _cAR | ||